Tableau perpétuel des médailles olympiques - Sports collectifs - Statistiques

Statistiques générales
  • Ce quiz a été pris 407 fois
  • Le résultat moyen est 15 sur 20
Statistiques - réponses
Pays O A B Total % Correct
États-Unis 48 15 17 79
100%
France 7 12 3 22
99%
Allemagne 8 5 11 24
94%
Australie 6 10 12 28
91%
Chine 3 6 6 14
90%
Japon 6 8 7 21
90%
Brésil 10 17 11 38
89%
Grande Bretagne 13 12 9 34
89%
Canada 4 1 6 11
88%
Russie 3 4 6 13
85%
URSS 17 9 11 37
83%
Argentine 6 5 6 17
76%
Inde 8 1 3 12
73%
Norvège 4 2 5 11
73%
Pays-Bas 7 8 10 25
71%
Yougoslavie 5 8 4 17
71%
Danemark 4 5 1 10
65%
Corée du Sud 3 8 4 15
58%
Pakistan 3 3 2 8
31%
Cuba 6 2 3 11
30%
Aucun quiz correspondant
Distribution des résultats
% des personnes avec chaque résultat
Percentile par nombre de réponses
Votre historique - résultats
Vous n’avez pas pris ce quiz